[Event "Carlos Torre Wimbledon 17th"]
[Site "Merida"]
[Date "2004.12.17"]
[Round "1.1"]
[White "Hernandez Carmenates, Holden"]
[Black "Arencibia Rodriguez, Walter"]
[Result "1-0"]
[WhiteElo "2473"]
[BlackElo "2516"]
[Annotator "Erenburg,S"]
[PlyCount "81"]
[EventDate "2004.12.13"]
[EventType "k.o."]
[EventRounds "4"]
[EventCountry "MEX"]
[SourceTitle "CBM 105"]
[Source "ChessBase"]
[SourceDate "2005.04.11"]
[SourceVersion "1"]
[SourceVersionDate "2005.04.11"]
[SourceQuality "1"]

1. e4 g6 2. d4 Bg7 3. Nf3 d6 4. Bc4 Nf6 5. Qe2 O-O 6. e5 {White carries out
e4-e5 in order to limit the possibilities of Black's dark-squared bishop, and,
at the same time, to get space advantage. Another possibility is} (6. O-O Bg4 {
1/2-1/2 Finkel,A-Kantsler,B/Israel 1998/CBM 64/[Finkel,A] (25)}) 6... dxe5 (
6... Ne8 {is too passive:} 7. h3 c5 8. c3 Nc6 9. O-O a6 10. Rd1 b6 11. Bf4 Bb7
12. dxc5 bxc5 13. Na3 $16 {1-0 Damljanovic,B-Buigues,P/La Coruna 1998/EXT 2000
(34)}) 7. dxe5 Nd5 8. O-O {In my opinion, if Black trades his light-squared
bishops, he will solve all his opening problems.} ({Therefore, more on
principle was} 8. h3 Nb6 9. Bb3 Nc6 10. O-O Na5 11. Rd1 Qe8 12. Nc3 Nxb3 13.
axb3 Bd7 14. Bf4 c5 $2 $146 15. Be3 $1 Qc8 16. Ra5 $1 Bc6 17. Bxc5 $16 {
0-1 Macieja,B-Iordachescu,V/Bermuda 2004/CBM 99/[Erenburg] (66)}) (8. Bd2 Bg4
9. Nc3 Nb6 10. O-O-O Nc6 11. Bb3 e6 12. Bf4 Qe7 13. Qe3 Qb4 $132 {1/2-1/2
Garcia,G-Gligoric,S/Saint John 1988/CBM 06 (44)}) 8... Bg4 {Another option is}
(8... c6 9. Rd1 (9. h3 $5) 9... Bg4 10. h3 Bxf3 11. Qxf3 e6 12. Qe2 Nd7 13. f4
f6 14. exf6 Qxf6 15. Nc3 N7b6 16. Nxd5 exd5 17. Bd3 Rae8 18. Qf3 Na4 19. c3 b5
$15 {1-0 Vydeslaver,A-Tseitlin,M/Jerusalem 1996/CBM 056/[Hecht] (45)}) 9. Nbd2
{White prepares the capture on f3 with the knight, that will remain his centre
stabile.} ({After} 9. Rd1 {white didn't get anything:} e6 10. Nbd2 Nc6 11. h3
Nd4 12. Qe4 Nxf3+ 13. Nxf3 Bxf3 14. Qxf3 Bxe5 15. Bxd5 exd5 16. Rxd5 Qf6 17.
Qxf6 Bxf6 18. Bf4 Rfd8 19. Rad1 Rxd5 20. Rxd5 Rd8 21. Rxd8+ {1/2-1/2 Bellin,
R-Hazai,L/Moscow 1977/EU-chT (21)}) 9... Nb6 10. h3 $146 {seems as an attempt
to change everything and to get the draw... In previous game white tried more
ambitious} (10. Bd3 Nc6 11. h3 Be6 12. Rd1 Nd7 13. Bc4 Nc5 14. Bxe6 Nxe6 15.
Nb3 Qc8 16. Qe4 Rd8 17. Be3 Rxd1+ 18. Rxd1 Qe8 19. c4 Rd8 20. Rd5 Nb4 21. Rb5
Qc6 22. Qxc6 Nxc6 23. Rxb7 Nxe5 24. Nbd2 a6 25. b4 f5 26. g3 Nd3 27. b5 axb5
28. cxb5 Ra8 29. Ra7 Rxa7 30. Bxa7 Nb2 31. b6 cxb6 32. Bxb6 {1/2-1/2 Leko,
P-Shirov,A/Vienna 1996/CBM 55 (32)}) 10... Nxc4 (10... Bxf3 11. Nxf3 Nxc4 12.
Qxc4 Nc6 13. e6 $14) 11. hxg4 (11. Nxc4 Bxf3 12. Qxf3 Nc6 $11) 11... Nxd2 12.
Bxd2 Nc6 13. Bc3 Qd5 $6 {Probably, Black didn't want a draw, so he was ready
to get even a worser position, but a more complicated one.} ({After the simple
} 13... Qd7 {black equalizes easily:} 14. e6 Qxe6 15. Qxe6 fxe6 16. Bxg7 Kxg7
17. Rfe1 Rad8 $11) 14. Rfd1 Qc5 (14... Qe6 15. Ng5 Qc8 16. e6 $1 $36) 15. Rd7
$1 {Now white has some chances to get an advantage, thanks to his active
pieces.} Rad8 16. Rad1 (16. Rxc7 Qb6 $17) 16... e6 ({Black doesn't equalize
after} 16... Rxd7 17. Rxd7 Rd8 18. Qd3 Rxd7 19. Qxd7 Bxe5 20. Nxe5 Nxe5 21.
Qc8+ Kg7 22. Qxb7 $14) 17. a3 {threatening with Bb4.} Rxd7 18. Rxd7 Nb8 ({After
} 18... Rd8 {white keeps some pressure:} 19. Qd3 Qf8 20. g5 $14) 19. Bb4 {
changing everything...} ({If white wanted to fight for a win, he would prefer} 
19. Rd2 $5 Qe7 20. Qd3 $14) 19... Qb6 20. Bxf8 Nxd7 21. Bxg7 Kxg7 22. Qd3 Qc6 (
22... Nc5 23. Qd4 $14 {[%cal Yg4g5]}) 23. c4 a5 {threatening with a5-a4 with
following occupation of the c5 square with the knight.} 24. b4 (24. b3 $5 {
comes to consideration.}) 24... axb4 25. axb4 Nb6 {trying to occupy the d5
square.} 26. Qd8 (26. Nd2 Qa4) 26... Qd7 {Again Black can make a draw, but he
fights for a win...} (26... Nxc4 27. Qf6+ Kg8 28. Qd8+ $11) 27. Qf6+ Kg8 28.
Qf4 Qe7 {covering the f6-square, and attacking the b4 pawn.} 29. b5 Kg7 30. g5
Nd7 (30... Qc5 31. Nd2 (31. Qf6+ Kg8 32. Qd8+ $11) 31... Nd7 32. Nf3 Nb6 $11)
31. Qd4 Nb6 32. Qf4 Qd7 (32... Nd7 $11) (32... Qc5 $11) 33. Nd2 Qd3 34. g3 Nd7
35. Kg2 Qf5 $2 {As it often happens, playing for a victory in equal positions,
we overlook something...} (35... Nc5 36. Nf1 $11) {[%tqu "En","Please find the
best move for white.","","","f4d4","",10]} 36. Qd4 $1 $36 {Surprise! Now the
Black pieces are passive and don't take part in the game.} Nf8 $2 {Mistake
follows mistake. Now black knight has no square, and his position becomes lost.
} (36... Nb6 $1 37. Qc5 Qd3 $1 (37... Qxg5 38. Qxc7 Qxd2 39. Qxb6 Qd7 40. Qd6
$18) 38. Qxc7 Na4 39. Qd6 (39. Nf3 Qe4 {and black's chances to achieve the
draw are not so bad.}) 39... Qc2 40. Qd4 Nb2 $13 {[%cal Yb2d3] thanks to
activity of black's pieces, black can survive.}) (36... Nxe5 $4 37. f4 $18) 37.
Ne4 $1 $18 h6 {Now everything loses:} (37... Qg4 38. f3 Qf5 39. b6 $1 cxb6 40.
Qd6 $1 {Zugzwang!} b5 41. Qc7 $18 {[%cal Ye4d6]}) (37... b6 38. Nf6 Qxg5 39.
Ne8+ Kg8 40. Nxc7 Qf5 41. Ne8 $18) 38. gxh6+ Kxh6 {[%tqu "En","White dominates
the board. How can he get a decisive advantage?","","","b5b6","",10]} 39. b6 $1
{getting the d6 square.} cxb6 40. Nd6 Qh5 (40... Qc2 41. Qh4+ Kg7 42. Ne8+ Kg8
43. Qf6 $18) {[%tqu "En","Please enter the strongest move for white.","","",
"g3g4","",10]} 41. g4 $1 {winning a lot of material.} (41. g4 Qh4 42. Qf4+ g5
43. Nxf7+ $18) 1-0

[Event "Abu Dhabi op 14th"]
[Site "Abu Dhabi"]
[Date "2004.08.16"]
[Round "3"]
[White "Moradiabadi, Elshan"]
[Black "Minasian, Artashes"]
[Result "0-1"]
[WhiteElo "2435"]
[BlackElo "2584"]
[Annotator "Erenburg,S"]
[PlyCount "58"]
[EventDate "2004.08.14"]
[EventType "swiss"]
[EventRounds "9"]
[EventCountry "UAE"]
[SourceTitle "CBM 103"]
[Source "ChessBase"]
[SourceDate "2004.11.11"]
[SourceVersion "1"]
[SourceVersionDate "2004.11.11"]
[SourceQuality "1"]

1. d4 g6 2. e4 Bg7 3. Nc3 a6 {Usually black plays a7-a6 after d7-d6, but maybe
it is only transposition...} 4. a4 ({Another interesting continuation is} 4. h4
{See 1-0 Motylev,A-Chernyshov,K/Krasnoyarsk 2003/CBM 98/[Erenburg] (38)}) (4.
Be3 d6 {- main lines.}) 4... d6 5. Nf3 (5. Be2 {1-0 Sevillano,E-Minasian,A/Los
Angeles 2003/CBM 97_01/[Erenburg] (48)}) 5... Nc6 {Black prepares to attack
white's centre with e7-e5, thus, he provokes white to play d4-d5, that will
open the long diagonal for black's dark-squared bishop. Black has the
following options as well:} (5... b6 {1/2-1/2 Lesiege,A-Bezold,M/Bermuda 1997/
CBM 58/[Har Zvi] (31)}) (5... Bg4 {1/2-1/2 Kobese,W-Benjamin,J/San Francisco
1998/CBM 66/[Yudasin,L] (41)}) 6. Be3 (6. d5 Nb4 7. a5 f5 8. Ra4 c5 9. Bc4 Nf6
10. e5 dxe5 11. Nxe5 Nfxd5 12. Nxd5 Bxe5 13. Qe2 Nc6 14. Bg5 Qd6 15. f4 Bg7 16.
O-O $44 {0-1 Watson,I-Short,N/Morecambe 1981/EXT 99 (34)}) 6... Nf6 {The
attack of white's centre with e7-e5 is logical decision as well:} (6... e5 7.
dxe5 Nxe5 8. Nxe5 Bxe5 9. Bc4 Be6 10. Bxe6 fxe6 11. O-O Nf6 12. Bd4 Bxd4 {
1/2-1/2 Brynell,S-Agrest,E/Gothenburg 1996/EXT 2001 (12)}) 7. d5 $146 {
According to my database, this position appeared for the first time. In the
previous game white tried} (7. h3 O-O 8. Be2 {1/2-1/2 Bokelbrink,U-Sturua,Z/
Hamburg 1999/EXT 2001/[Bokelbrink,U] (89)}) 7... Nb8 {Black lost some tempos,
but he succeeded to get the type of positions he likes... His dark-squared
bishop is going to be extremely active, also he will get the control over the
semi-open file "c" with c7-c6.} 8. Be2 O-O 9. O-O c6 {Black attacks white's
centre.} ({Deserved attention} 9... Bg4 {with following c7-c6.}) 10. Qd2 {
The following continuations are possible as well:} (10. a5 {comes to
consideration, fixing black's queenside pawns.}) ({Comes to consideration} 10.
Nd2 {not allowing black to solve the problem of light-squared bishop so
quickly.}) 10... Bg4 {In this way black solves one of his main problems in
this opening- the problem of developing light-squared bishop.} 11. Nd4 Bxe2 12.
Ndxe2 cxd5 13. exd5 Nbd7 14. Bd4 Rc8 15. Rfe1 Qa5 $1 {Very interesting and
smart decision. Black provokes white to transfer the knight to b3, attacking
black queen. As the result, white will not have an option of covering the c4
square with b2-b3.} (15... Qc7 $5) (15... Nb6 {is met by} 16. b3) 16. Nc1 {
transfering the knight to b3.} Rfe8 17. Nb3 Qc7 18. a5 {fixing black's
queenside pawns.} (18. f4 Nb6 {and black brings the knight to c4 anyway.})
18... Ne5 $1 {Black completed the plan, that he started at the 15-th move.} 19.
Bxe5 $6 {After this inacuracy, black gets strategically better position.} (19.
Qg5 Nc4 20. Ra2 $13) 19... dxe5 20. Rad1 $6 ({White should have prevented from
black the transfer of the knight to d6. The only way to do it is attacking the
e5 pawn.} 20. Qe3 $1 e4 (20... Nd7 {and black's dream to occupy the d6 square
with the knight remains only dream.}) 21. Qh3 $13) 20... Red8 21. h3 (21. Qe3
Ne8) 21... Ne8 $1 22. Re2 (22. Qc1 Nd6 $15) 22... Nd6 $15 {Now black's
position is clearly better. He has a simple plan of improving the position-
pushing forward the "e" and "f" pawns.} 23. Na4 Nc4 24. Qb4 $2 {Another
mistake, which allows black to get an obvious advantage.} (24. Qe1 Rd6 $15 (
24... f5 $2 25. Nac5 {[%cal Yc5e6]})) 24... e6 $1 $17 {winning the central
pawn.} 25. Nac5 $6 ({Probably, better chance for white was to prevent from
black to build strong connected pawns in the centre by} 25. d6 Rxd6 26. Rxd6
Nxd6 $17) 25... Rxd5 26. Rxd5 exd5 $19 27. Qxb7 (27. Na4 Bf8 $19) 27... Qxb7
28. Nxb7 Bf8 {And now the knight b7 is in trouble.} 29. f4 (29. Nc1 Rb8 $19 {
winning the knight.}) 29... e4 {threatening with Rc7 and Be7, that wins the
knight. White has nothing to do to rescue his knight, therefore, he resigned.}
0-1

[Event "GER-ch 76th"]
[Site "Altenkirchen"]
[Date "2005.02.24"]
[Round "7"]
[White "Kraemer, Martin"]
[Black "Meister, Jakob"]
[Result "0-1"]
[WhiteElo "2357"]
[BlackElo "2519"]
[Annotator "Erenburg,S"]
[PlyCount "84"]
[EventDate "2005.02.18"]
[EventType "swiss"]
[EventRounds "9"]
[EventCountry "GER"]
[SourceTitle "CBM 106"]
[Source "ChessBase"]
[SourceDate "2005.06.06"]
[SourceVersion "1"]
[SourceVersionDate "2005.06.06"]
[SourceQuality "1"]

1. e4 g6 2. d4 Bg7 3. Nc3 d6 4. f4 Nd7 (4... a6 5. Nf3 b5 6. Bd3 Nd7 7. e5 {
---> 1-0 Grischuk,A-Hillarp Persson,T/Mallorca 2004/CBM 104_01/[Erenburg] (42)}
) (4... c6 {---> 1-0 Kritz,L-Arapovic,V/Mallorca 2004/CBM 104_01/[Erenburg] 
(36)}) 5. Nf3 a6 6. Bd3 c5 {attacking white's centre.} (6... b5 {- see 4...a6})
7. Be3 {Logical, but rare continuation.} ({More popular is} 7. dxc5 Nxc5 8. O-O
b5 9. Kh1 Bb7 10. Qe1 Nf6 11. a3 O-O 12. f5 Qd7 13. Qh4 $13 {1/2-1/2 Felgaer,
R-Rodriguez,A/Buenos Aires 2003/EXT 2004 (79)}) (7. d5 b5 8. a4 Qa5 9. O-O b4
10. Nb1 c4 11. Be2 Qc5+ 12. Kh1 a5 13. Ng5 Ngf6 14. Bf3 h6 15. Nh3 Nb6 $15 {
0-1 Von Herman,U-Polzin,R/Germany 1997/GER-chT2 (43)}) 7... Ngf6 $146 {In the
preceding game black tried} (7... b5 8. O-O cxd4 9. Nxd4 Ngf6 10. a4 bxa4 11.
Kh1 Bb7 12. Rxa4 Nc5 13. Rb4 O-O 14. Nb3 a5 15. Rb5 Bc6 16. Nxc5 Bxb5 17. Bxb5
dxc5 18. e5 Qxd1 19. Rxd1 Ng4 20. Bxc5 $14 {1-0 Hector,J-Thiede,L/Germany 2002/
CBM 093 (56)}) 8. h3 {covering the g4 square.} (8. e5 $2 Ng4 9. Bg1 cxd4 10.
Nxd4 dxe5 11. Ne6 fxe6 12. Qxg4 Qa5 $17) 8... cxd4 9. Bxd4 O-O 10. O-O b5 {
preparing to fianchette the light-squared bishop.} 11. a3 $6 {too slow. White
should have tried more aggressive} (11. e5 $1 {, using some discoordination of
black's pieces.} dxe5 12. fxe5 Ne8 13. Be4 Rb8 14. Ba7 b4 (14... Rb6 15. Bxb6
Qxb6+ 16. Qd4 Qxd4+ 17. Nxd4 $16 {[%cal Yc3d5]}) 15. Qd4 $3 {Of course, such
move is very difficult to find for a human player...} (15. Bxb8 Qb6+ 16. Qd4
Qxd4+ 17. Nxd4 bxc3 18. Ba7 cxb2 19. Rab1 Nxe5 $13) 15... bxc3 16. Bxb8 cxb2
17. Rab1 Nd6 18. Rxb2 Nb5 19. Qe3 Nxb8 20. a4 Nd7 21. axb5 Nxe5 22. Nxe5 Bxe5
23. c3 Qa5 24. Rf3 axb5 25. Qc5 $14) 11... Bb7 $11 {Now black completed the
development successfuly, that promises him a normal game.} 12. Qe1 Nh5 {
trying to take control over the dark squares.} 13. Be3 $6 ({Better is} 13. Bxg7
Kxg7 14. Qd2 (14. Qe3 Qb6) 14... Qb6+ 15. Kh2 Nhf6 $11) 13... e5 (13... Nc5 $5
{[%cal Yc5e4,Yb7e4,Gg7c3] is interesting alternative:} 14. Rd1 (14. Nd2 Rc8 $15
) 14... Bxc3 15. Qxc3 Nxe4 16. Qb4 $13) 14. fxe5 dxe5 15. Rd1 Qc7 {moving the
queen from unpleasant opposition with white's rook and preparing to occupy the
c5 square.} 16. Qf2 {preventing an occupation of c5 square from black.} (16.
Nd5 Bxd5 17. exd5 Nhf6 {[%cal Ye5e4]} (17... f5 18. Ng5) 18. d6 Qc6 $132 {
[%cal Yf8e8]}) (16. Qh4 Nf4 $13) 16... Nf4 17. Ne2 Nxe2+ ({Comes to
consideration:} 17... Nxd3 $5 18. cxd3 f5 $15) 18. Qxe2 Nc5 {attacking the
central white's pawn.} 19. Bd2 $2 {missing black's resources...} ({Better was} 
19. Bxc5 Qxc5+ 20. Kh1 Rac8 $15 {black's chances are better, thanks to a pair
of bishops.}) {[%tqu "En","Please find the strongest move for black.","","",
"f7f5","",10]} 19... f5 $1 $19 20. Ng5 (20. b4 {isn't much better:} fxe4 21.
bxc5 exf3 22. gxf3 Qxc5+ 23. Be3 Qxa3 $19) 20... h6 21. exf5 hxg5 22. fxg6 {
threatening with Qh5.} e4 {Black easily parries white's threats, opening a
long diagonal for a dark-squared bishop.} 23. Bc4+ (23. Qh5 {loses another
light piece:} Bd4+ 24. Kh1 exd3 $19) 23... bxc4 24. Qxc4+ Kh8 25. Be3 {winning
one piece back... But, black still will be one light piece up.} (25. Qe2 Bxb2
26. Qh5+ Kg8 $19) 25... Qc6 (25... Rxf1+ 26. Rxf1 Qc6 (26... Rc8 $4 27. Qe2 $18
{[%cal Ye2h5]}) 27. Qxc5 {-the game.}) 26. Qxc5 Rxf1+ 27. Rxf1 Qxg6 ({Maybe
simplier was} 27... Qxc5 28. Bxc5 Bc6 {[%cal Yg7b2]} 29. b4 Be8 $17 {/-+}) 28.
Bxg5 Rc8 29. Qe7 Re8 {forcing white to change the bishops.} 30. Qxb7 Qxg5 31.
Qxa6 Bxb2 {In spite of white's three pawns for black's dark-squared bishop, he
is absolutely lost, due to black's passed pawn "e" and white's vulnerable
pawns.} 32. Qc6 Re7 33. c3 {trying to disoconnect the dark-squared bishop from
the kingside.} Bc1 (33... Kh7 $19 {was even stronger.}) 34. Qd6 Be3+ (34... Rg7
{wins simplier:} 35. g4 Qe3+ 36. Kg2 Qxc3 $19) 35. Kh1 Rg7 36. g4 Bc5 37. Qe6
Qe7 38. Qc8+ ({After} 38. Qxe7 Rxe7 $19 {black's position will be winning,
thanks to a passed pawn "e".}) 38... Kh7 39. Rf5 {[%cal Gf5h5,Yc8f5]
threatening with the mate.} Rg5 $1 40. a4 {loses immediately.} ({Doesn't
change anything:} 40. Rxg5 Qxg5 41. Qb7+ Kg8 42. Qc8+ (42. Qxe4 Qc1+ 43. Kg2
Qg1+ 44. Kf3 Qf2#) 42... Kf7 43. Qb7+ Qe7 44. Qxe7+ Kxe7 {[%cal Ye4e3,Ye3e2]}
45. Kg2 Bxa3 $19) 40... e3 $1 {getting the e4 square for the queen.} 41. Rxg5
Qe4+ 42. Kh2 Qf4+ {mating.} (42... Qf4+ 43. Kg2 Qf2+ 44. Kh1 Qf1+ 45. Kh2 Bd6+
46. Re5 Bxe5#) 0-1

[Event "Abu Dhabi op 13th"]
[Site "Abu Dhabi"]
[Date "2003.08.25"]
[Round "9"]
[White "Iuldachev, Saidali"]
[Black "Murshed, Niaz"]
[Result "1-0"]
[WhiteElo "2513"]
[BlackElo "2443"]
[Annotator "Erenburg,S"]
[PlyCount "61"]
[EventDate "2003.08.16"]
[EventType "swiss"]
[EventRounds "9"]
[EventCountry "UAE"]
[SourceTitle "CBM 097"]
[Source "ChessBase"]
[SourceDate "2003.11.11"]
[SourceVersion "1"]
[SourceVersionDate "2003.11.11"]
[SourceQuality "1"]

1. e4 g6 2. d4 Bg7 3. Nf3 d6 4. Bc4 e6 {Rare continuation.} ({More popular is} 
4... Nf6 5. Qe2) 5. Bb3 {White has tried also} (5. O-O Nd7 6. Nc3 a6 (6... Ne7
7. Be3 (7. Bg5 h6 8. Be3 O-O 9. Qd2 Kh7 10. Bd3 a6 11. Ne2 b6 12. c4 Bb7 13. b4
Nf6 $14 {Eigner,S-Burkhardt,H/Vorra 1990}) 7... a6 8. Qd2 h6 9. h3 b6 10. Nh2
Bb7 11. f4 Nf6 12. Bd3 c5 $13 {Kuhn,N-Feustel,B/Germany 1995}) 7. a4 b6 {
1-0 Skripchenko Lautier,A-Fressinet,L/Val d'Isere 2002/CBM 91/[Finkel,A] (37)})
(5. Bg5 {0-1 Ciuksyte,D-Paehtz,E/Warsaw 2001/CBM 82/[Paehtz,E+T] (68)}) (5. Qe2
{1/2-1/2 Jenni,F-Gabriel,C/Zuerich 1999/CBM 73/[Finkel,A] (42)}) 5... b6 {
Black is going to fianchette his second bishop, afterware to complete the
development of knights. Black's aim is to get a solid position, which will
allow him to get counterplay by attacking white center.} (5... Ne7 {0-1 Bartel,
M-Krasenkow,M/Warsaw 2002/CBM 89/[Finkel,A] (42)}) (5... h6 6. O-O Ne7 7. Re1
O-O 8. c4 Nd7 9. Nc3 e5 $13 {Albrecht,H-Timpel,K/BL2-O9798}) 6. O-O {Another
option is} (6. Nc3 Bb7 7. Bg5 Ne7 8. Qe2 h6 9. Be3 Nd7 10. O-O-O $5 O-O 11. h4
d5 12. exd5 Nxd5 13. Nxd5 exd5 14. Ne5 $14 {1/2-1/2 Enders,P-Gallagher,J/
Bundesliga 2003 (26)}) 6... Bb7 7. Re1 Ne7 8. Nbd2 {White has another plan of
completing the development, which is linked with the occupation of f4 square
by the dark-squared bishop.} (8. c3 O-O 9. Bf4 Nd7 10. Nbd2 h6 11. Bg3 Nf6 12.
h3 a6 13. a4 Kh8 14. Bh2 d5 15. exd5 (15. e5 $5) 15... exd5 16. a5 Nf5 17. axb6
cxb6 18. Ne5 $16 {1-0 Sulskis,S-Bukhman,E/Swidnica 1998/EXT 2003 (35)}) 8...
O-O 9. c3 Nd7 10. Qe2 $146 {According to my database, this position appeared
for the first time. Usually white continued} (10. Nf1 $5 {1-0 Iordachescu,
V-Minasian,A/Linares 2000/CBM 75/[Finkel,A] (41)}) 10... a5 11. a4 e5 {Black
hasn't another plan, except of attack on the white's center.} 12. dxe5 Nxe5 {
As black suffers from a lack of space, he wants to change one of his light
pieces.} 13. Nxe5 Bxe5 ({In my opinion, this type of structure, in this
particular position, gives black more chances to equalize the game:} 13... dxe5
) 14. h4 h6 $6 {In such type of positions, black shouldn't weaken the position
of his king. Better was} (14... Qd7) 15. Nf3 Bg7 16. h5 $14 {As the result of
black's 14-th move, he has some problem now.} g5 (16... Qd7 17. hxg6 Nxg6 18.
Bd5 $14) 17. Nd4 Bxd4 $2 {Serious strategical mistake. Black has weakened dark
squares in his camp, so it is very dangerous to change the dark-squared
bishops.} ({More logical was} 17... Qd7 18. f4 $14) (17... d5 18. e5 $36 {
[%cal Gb3c2]}) 18. cxd4 d5 19. exd5 (19. e5 $16 {[%cal Gf2f4] strong enough as
well.}) 19... Nxd5 20. Qf3 Qd7 21. Re5 $16 {White has a pair of active bishops.
Black's monarch position is vulnerable, especially, due to weaknesses of the
dark squares. Only four moves ago, black changed his dark-squared bishop, and
already now he pays for his mistake.} Rae8 $2 ({Better was} 21... Rad8 22. Bd2
Rfe8 23. Rae1 $16) 22. Qe4 $2 {missing two more attractive continuations,
while, one of them was winning by the force:} (22. Rxd5 $5 Bxd5 23. Bxd5 (23.
Qxd5 Re1+ 24. Kh2 Qg4) 23... Re1+ 24. Kh2 c6 (24... g4 25. Qf6 Qxd5 26. Bxh6
Qxh5+ 27. Kg3 Qxh6 28. Qxh6 Rxa1 29. Qg5+ $18) 25. Qg3 {[%cal Gc1g5]} (25. Bxc6
Qxd4 $13) 25... Rfe8 (25... Rxc1 26. Bxf7+ Rxf7 27. Rxc1 $16) 26. Bxg5 hxg5 27.
Qxg5+ Kh7 28. Rxe1 Rxe1 29. Bb3 $40) ({The best one was} 22. Bxg5 $1 Rxe5 (
22... hxg5 23. Rxg5+ Kh7 24. Bxd5 $18) 23. Bxh6 {[%cal Gf3g3]} Kh7 24. Bxf8 $18
) 22... c5 $4 {[%mdl 8192] loses on the spot.} (22... Rxe5 23. dxe5 Re8 {
with playable position.}) 23. Bxd5 Rxe5 24. Qg6+ Kh8 25. Qxh6+ Kg8 26. Qg6+ Kh8
27. Qh6+ Kg8 28. dxe5 Qxd5 29. Qxg5+ Kh7 30. Ra3 {adding the rook to the
attack, white wins the game.} Rg8 (30... Qe6 31. Rg3 $18) 31. Qh6# 1-0